[Event "13. Festival Chambery 2007"]
[Site "Chambery FRA"]
[Date "2007.07.30"]
[Round "3.26"]
[White "Fevre, Matthieu"]
[Black "Trzemielewski, Frank"]
[Result "1-0"]
[WhiteElo "1999"]
[BlackElo "1710"]
[PlyCount "41"]
[EventDate "2007.07.28"]
[EventType "swiss"]
[EventRounds "9"]
[EventCountry "FRA"]
[Source "lmi"]
[SourceDate "2007.07.28"]

1. e4 e6 2. Qe2 c5 3. g3 Nc6 4. Nf3 Nf6 5. d3 d5 6. Bg2 dxe4 7. dxe4 Nd4 8.
Nxd4 Qxd4 9. O-O a6 10. Rd1 Qe5 11. Nc3 Be7 12. Bf4 Qh5 13. Bf3 Qh3 14. e5 Nd5
15. Nxd5 exd5 16. Rxd5 O-O 17. e6 f5 18. Bd6 Bxd6 19. Rxd6 f4 20. e7 Re8 21.
Qc4+ 1-0

[Event "13. Festival Chambery 2007"]
[Site "Chambery FRA"]
[Date "2007.07.30"]
[Round "3.29"]
[White "Dugailliez, Guy"]
[Black "Miras, Christophe"]
[Result "1-0"]
[WhiteElo "2020"]
[BlackElo "1871"]
[PlyCount "45"]
[EventDate "2007.07.28"]
[EventType "swiss"]
[EventRounds "9"]
[EventCountry "FRA"]
[Source "lmi"]
[SourceDate "2007.07.28"]

1. e4 e6 2. d4 d5 3. exd5 exd5 4. Bd3 Bd6 5. Qf3 Nc6 6. c3 Nge7 7. Ne2 Be6 8.
Nf4 Qd7 9. Nxe6 fxe6 10. Bg5 O-O-O 11. Bb5 Rdf8 12. Qg4 h6 13. Bxe7 Bxe7 14.
Nd2 Bf6 15. Nb3 Qd6 16. Nc5 Kb8 17. O-O Nd8 18. Nd7+ Ka8 19. Nxf8 Rxf8 20. f4
Qb6 21. Qe2 a6 22. Bd3 Nc6 23. Kh1 1-0

[Event "13. Festival Chambery 2007"]
[Site "Chambery FRA"]
[Date "2007.07.31"]
[Round "4.2"]
[White "Calzetta, Monica"]
[Black "Bojkov, Dejan"]
[Result "1-0"]
[WhiteElo "2278"]
[BlackElo "2520"]
[PlyCount "111"]
[EventDate "2007.07.28"]
[EventType "swiss"]
[EventRounds "9"]
[EventCountry "FRA"]
[Source "lmi"]
[SourceDate "2007.07.28"]

1. e4 e5 2. Nf3 Nc6 3. Bb5 a6 4. Ba4 Nf6 5. O-O Be7 6. Qe2 b5 7. Bb3 d6 8. c3
O-O 9. Rd1 Na5 10. Bc2 c5 11. d4 Qc7 12. d5 Nc4 13. a4 Bd7 14. b3 Nb6 15. h3
Kh8 16. Be3 Ng8 17. Nbd2 g6 18. Ra2 f5 19. Bg5 Qd8 20. h4 h6 21. Bxe7 Qxe7 22.
axb5 axb5 23. Rda1 Nf6 24. Ra7 Rxa7 25. Rxa7 Ra8 26. Rxa8+ Nxa8 27. b4 cxb4 28.
cxb4 Ng4 29. Bd3 Nc7 30. Nf1 f4 31. Qa2 Qd8 32. Qa7 Nf6 33. N1d2 Nfe8 34. Nb1
g5 35. hxg5 hxg5 36. Nc3 g4 37. Nd2 Qg5 38. Nf1 f3 39. Qe3 Qf6 40. g3 Kg7 41.
Qb6 Qf7 42. Ne3 Kf8 43. Nxb5 Nxb5 44. Bxb5 Bxb5 45. Qxb5 Qa7 46. Nxg4 Qa1+ 47.
Kh2 Qe1 48. Qd3 Qe2 49. Qe3 Nc7 50. Nh6 Ke8 51. Nf5 Kd7 52. g4 Nb5 53. Kg3 Qf1
54. Qxf3 Qg1+ 55. Kh3 Qf1+ 56. Kh4 1-0

[Event "13. Festival Chambery 2007"]
[Site "Chambery FRA"]
[Date "2007.07.31"]
[Round "4.4"]
[White "Magem Badals, Jordi"]
[Black "Safranska, Anda"]
[Result "1/2-1/2"]
[WhiteElo "2471"]
[BlackElo "2301"]
[PlyCount "67"]
[EventDate "2007.07.28"]
[EventType "swiss"]
[EventRounds "9"]
[EventCountry "FRA"]
[Source "lmi"]
[SourceDate "2007.07.28"]

1. e4 g6 2. d4 Bg7 3. Nf3 d6 4. Bc4 e6 5. Bb3 a6 6. O-O Nd7 7. a4 b6 8. Re1 Bb7
9. Nbd2 Ngf6 10. c3 O-O 11. Bc2 e5 12. Nf1 h6 13. Ng3 Re8 14. d5 a5 15. Ra2 Rf8
16. b4 Kh8 17. bxa5 Rxa5 18. c4 Qe7 19. Bd2 Ra7 20. Qc1 Ng8 21. Qb2 Nc5 22. a5
Rfa8 23. Rea1 bxa5 24. Rxa5 Rxa5 25. Rxa5 Rxa5 26. Bxa5 Nf6 27. Nd2 Qd8 28. Nb3
Nfd7 29. Bb4 Nxb3 30. Bxb3 Qa8 31. Qa2 Qxa2 32. Bxa2 Nc5 33. f3 h5 34. Ba5
1/2-1/2

[Event "13. Festival Chambery 2007"]
[Site "Chambery FRA"]
[Date "2007.07.31"]
[Round "4.5"]
[White "Campos Moreno, Javier"]
[Black "Marzolf, Bruno"]
[Result "1-0"]
[WhiteElo "2446"]
[BlackElo "2254"]
[PlyCount "91"]
[EventDate "2007.07.28"]
[EventType "swiss"]
[EventRounds "9"]
[EventCountry "FRA"]
[Source "lmi"]
[SourceDate "2007.07.28"]

1. d4 d5 2. c4 e6 3. Nf3 Nf6 4. Nc3 Be7 5. Bg5 h6 6. Bh4 O-O 7. e3 b6 8. Bd3
Nbd7 9. O-O Bb7 10. Qe2 dxc4 11. Bxc4 Ne4 12. Bg3 Nxc3 13. bxc3 c5 14. e4 Nf6
15. Bd3 Qc8 16. Rad1 Re8 17. Rfe1 Bf8 18. Ne5 a6 19. Qe3 Ra7 20. a4 Ba8 21. Rb1
Qd8 22. Red1 Be7 23. Qe2 cxd4 24. cxd4 Rf8 25. Bc2 Rc7 26. f3 Nh5 27. Bb3 Nxg3
28. hxg3 Ra7 29. f4 Bf6 30. Nf3 Bc6 31. Kh2 Qa8 32. Bc2 b5 33. d5 exd5 34. exd5
Bxd5 35. Qd3 Rd8 36. Qh7+ Kf8 37. Re1 g6 38. Nh4 Bg7 39. Bxg6 fxg6 40. Nxg6+
Kf7 41. Re5 Rd6 42. Nh4 Rf6 43. Nf5 Rg6 44. Nxg7 Rxg7 45. Qf5+ Kg8 46. Rxd5 1-0

[Event "13. Festival Chambery 2007"]
[Site "Chambery FRA"]
[Date "2007.07.31"]
[Round "4.6"]
[White "Brunner, Nicolas"]
[Black "Poesson, Thierry"]
[Result "1-0"]
[WhiteElo "2435"]
[BlackElo "2089"]
[PlyCount "69"]
[EventDate "2007.07.28"]
[EventType "swiss"]
[EventRounds "9"]
[EventCountry "FRA"]
[Source "lmi"]
[SourceDate "2007.07.28"]

1. d4 Nf6 2. c4 c5 3. d5 b5 4. cxb5 a6 5. bxa6 Bxa6 6. Nc3 d6 7. Nf3 g6 8. g3
Bg7 9. Bg2 O-O 10. O-O Nbd7 11. Qc2 Ra7 12. Rd1 Qa8 13. e4 Ng4 14. h3 Nge5 15.
Nxe5 Nxe5 16. f4 Nc4 17. b3 Bd4+ 18. Kh2 Ne3 19. Bxe3 Bxe3 20. Rab1 Rb8 21. e5
Bc8 22. a4 Bf5 23. Be4 Bxe4 24. Qxe4 Bd4 25. Nb5 Rxb5 26. axb5 Ra2+ 27. Kh1 Qc8
28. g4 Qf8 29. exd6 Qh6 30. Rd3 exd6 31. b6 Qh4 32. Rf1 Qd8 33. Re1 Qxb6 34.
Qe8+ Kg7 35. Re7 1-0

[Event "13. Festival Chambery 2007"]
[Site "Chambery FRA"]
[Date "2007.07.31"]
[Round "4.7"]
[White "Py, Walter"]
[Black "Estremera Panos, Sergio"]
[Result "0-1"]
[WhiteElo "2119"]
[BlackElo "2375"]
[PlyCount "60"]
[EventDate "2007.07.28"]
[EventType "swiss"]
[EventRounds "9"]
[EventCountry "FRA"]
[Source "lmi"]
[SourceDate "2007.07.28"]

1. e4 c5 2. Nf3 d6 3. d4 cxd4 4. Nxd4 Nf6 5. Nc3 Nc6 6. Be2 e5 7. Nb3 Be7 8.
O-O O-O 9. f4 a5 10. a4 Nb4 11. Be3 Bd7 12. Bf3 Bc6 13. Rf2 Qc7 14. Rd2 Rfc8
15. Kh1 b6 16. Qg1 Rab8 17. Re1 h6 18. Nc1 Qb7 19. Nd3 Nxe4 20. Nxe4 Bxe4 21.
Bxe4 Qxe4 22. Bxb6 Qd5 23. Red1 Nxd3 24. Rxd3 Qb7 25. Bxa5 Qxb2 26. c3 e4 27.
R3d2 Qb3 28. Qd4 Rc4 29. Qa7 Rb7 30. Qe3 Rxa4 0-1

[Event "13. Festival Chambery 2007"]
[Site "Chambery FRA"]
[Date "2007.07.31"]
[Round "4.9"]
[White "Massoni, Michael"]
[Black "Zimmerman, Yuri"]
[Result "0-1"]
[WhiteElo "2367"]
[BlackElo "2354"]
[PlyCount "60"]
[EventDate "2007.07.28"]
[EventType "swiss"]
[EventRounds "9"]
[EventCountry "FRA"]
[Source "lmi"]
[SourceDate "2007.07.28"]

1. e4 d6 2. d4 Nf6 3. Nc3 g6 4. g3 Bg7 5. Bg2 O-O 6. Nge2 e5 7. O-O Nc6 8. dxe5
Nxe5 9. h3 Re8 10. f4 Nc6 11. Kh2 a6 12. f5 h6 13. g4 g5 14. Ng3 Ne5 15. Nd5
Nc4 16. c3 c6 17. Ne3 Nxe3 18. Bxe3 d5 19. Bf2 Qc7 20. exd5 cxd5 21. Kh1 Bd7
22. Qd2 Bc6 23. Rfe1 Ne4 24. Nxe4 dxe4 25. Qc2 h5 26. gxh5 Qf4 27. Be3 Qxf5 28.
Rf1 Qe5 29. Rf2 Qg3 30. Qb3 Re6 0-1

[Event "13. Festival Chambery 2007"]
[Site "Chambery FRA"]
[Date "2007.07.31"]
[Round "4.10"]
[White "Claverie, Christophe"]
[Black "Lavanchy, Marc Henri"]
[Result "1-0"]
[WhiteElo "2344"]
[BlackElo "1970"]
[PlyCount "55"]
[EventDate "2007.07.28"]
[EventType "swiss"]
[EventRounds "9"]
[EventCountry "FRA"]
[Source "lmi"]
[SourceDate "2007.07.28"]

1. d4 d5 2. Nf3 Nf6 3. c4 e6 4. Nc3 Nbd7 5. e3 Be7 6. Bd3 O-O 7. O-O Re8 8. Qe2
c6 9. e4 dxe4 10. Nxe4 Qc7 11. Re1 Nf8 12. Ne5 Nxe4 13. Qxe4 f6 14. Nf3 Ng6 15.
Qg4 f5 16. Qh5 Bd7 17. g3 Bf6 18. Bg5 Rf8 19. Bxf6 gxf6 20. c5 Rae8 21. Re2 Qc8
22. Rae1 Kg7 23. b4 Rg8 24. a4 Kh8 25. Qh6 Qc7 26. Bc4 Rg7 27. Kf1 Rge7 28. Nh4
1-0

[Event "13. Festival Chambery 2007"]
[Site "Chambery FRA"]
[Date "2007.07.31"]
[Round "4.12"]
[White "Wuerdinger, Alexander"]
[Black "Gonzalez, Claudio"]
[Result "1-0"]
[WhiteElo "2151"]
[BlackElo "2035"]
[PlyCount "53"]
[EventDate "2007.07.28"]
[EventType "swiss"]
[EventRounds "9"]
[EventCountry "FRA"]
[Source "lmi"]
[SourceDate "2007.07.28"]

1. e4 e6 2. d3 c5 3. Nf3 Nc6 4. g3 g6 5. Bg2 Bg7 6. O-O d6 7. c3 Nge7 8. Nh4
O-O 9. Bf4 f5 10. Nd2 Rb8 11. a4 a6 12. Ndf3 h6 13. Be3 b6 14. exf5 exf5 15. d4
Kh7 16. Re1 Bf6 17. Kh1 Qc7 18. Rc1 Nd8 19. b4 Nf7 20. a5 bxa5 21. dxc5 dxc5
22. Bxc5 Rd8 23. Nd4 Bxh4 24. Qb3 Kg7 25. gxh4 Nd5 26. Bxd5 Rxd5 27. Qxd5 1-0

[Event "13. Festival Chambery 2007"]
[Site "Chambery FRA"]
[Date "2007.07.31"]
[Round "4.13"]
[White "Knors, Rudy"]
[Black "Schuermans, Robert"]
[Result "1/2-1/2"]
[WhiteElo "2093"]
[BlackElo "2277"]
[PlyCount "116"]
[EventDate "2007.07.28"]
[EventType "swiss"]
[EventRounds "9"]
[EventCountry "FRA"]
[Source "lmi"]
[SourceDate "2007.07.28"]

1. Nf3 c5 2. c4 g6 3. g3 Bg7 4. Bg2 Nc6 5. O-O e6 6. e3 Nge7 7. d4 cxd4 8. exd4
d5 9. cxd5 exd5 10. Nc3 O-O 11. Bg5 Qb6 12. Qd2 Be6 13. Na4 Qb5 14. Nc3 Qa5 15.
Bh6 Nf5 16. Bxg7 Kxg7 17. Rfe1 Rad8 18. Rad1 b5 19. b3 Rc8 20. Ne2 Qxd2 21.
Rxd2 h6 22. Nf4 Rfe8 23. h4 Nb4 24. Rde2 Nc2 25. Rd1 Nd6 26. Ne5 g5 27. Nh5+
Kf8 28. Nf6 Red8 29. hxg5 hxg5 30. Nh7+ Kg7 31. Nxg5 Nf5 32. Nxe6+ fxe6 33. Nf3
Kf6 34. Bh3 Ng7 35. Ne5 Rh8 36. Bg2 Nf5 37. Nf3 Rc3 38. Red2 b4 39. Ne1 Na3 40.
Bf1 Nd6 41. Bd3 Rhc8 42. Nf3 Nab5 43. Kg2 Rc1 44. Rxc1 Rxc1 45. g4 Nc3 46. g5+
Kg7 47. g6 Nde4 48. Bxe4 Nxe4 49. Re2 Kxg6 50. Ne5+ Kf5 51. Nd3 Rd1 52. Nxb4
Rxd4 53. Nc6 Rd1 54. f3 Nc3 55. Rc2 d4 56. Nxd4+ Rxd4 57. Rxc3 Rd2+ 58. Kg3
Rxa2 1/2-1/2

[Event "13. Festival Chambery 2007"]
[Site "Chambery FRA"]
[Date "2007.07.31"]
[Round "4.15"]
[White "Vilar Lopez, Monica"]
[Black "Chevry, Philippe"]
[Result "1-0"]
[WhiteElo "2179"]
[BlackElo "1828"]
[PlyCount "55"]
[EventDate "2007.07.28"]
[EventType "swiss"]
[EventRounds "9"]
[EventCountry "FRA"]
[Source "lmi"]
[SourceDate "2007.07.28"]

1. e4 c5 2. Nc3 d6 3. g3 Nf6 4. Bg2 Nbd7 5. d3 g6 6. f4 Bg7 7. Nf3 O-O 8. O-O
e6 9. h3 Rb8 10. a4 Qb6 11. a5 Qa6 12. Be3 d5 13. e5 Nh5 14. Ne2 d4 15. Bd2 Bh8
16. g4 Ng7 17. Ng3 f5 18. exf6 Nxf6 19. Ne5 Nd5 20. Ne4 Ne3 21. Bxe3 dxe3 22.
Qe1 Qb5 23. Qxe3 b6 24. Nd6 Qxb2 25. Nc6 h6 26. Qe4 Rb7 27. Nxb7 Bxb7 28. Ne7+
1-0

[Event "13. Festival Chambery 2007"]
[Site "Chambery FRA"]
[Date "2007.07.31"]
[Round "4.19"]
[White "Satonnet, Patrick"]
[Black "Berring, Alain"]
[Result "1-0"]
[WhiteElo "1950"]
[BlackElo "2026"]
[PlyCount "63"]
[EventDate "2007.07.28"]
[EventType "swiss"]
[EventRounds "9"]
[EventCountry "FRA"]
[Source "lmi"]
[SourceDate "2007.07.28"]

1. e4 c5 2. f4 Nc6 3. Nf3 e6 4. Nc3 a6 5. g3 b5 6. e5 Bb7 7. Bg2 Qc7 8. O-O Nh6
9. d3 Nf5 10. Qe1 d5 11. exd6 Bxd6 12. Ne4 Be7 13. Bd2 O-O 14. Rd1 Rfe8 15. g4
Nfd4 16. Nxd4 Nxd4 17. c3 Nc6 18. Be3 Nd8 19. Qf2 Rc8 20. d4 c4 21. f5 exf5 22.
Qxf5 Bxe4 23. Bxe4 g6 24. Qf3 Bd6 25. Bh6 Bxh2+ 26. Kg2 Bd6 27. Qf6 Bf8 28.
Bxf8 Rxf8 29. Rh1 Qd7 30. Rxh7 Qxg4+ 31. Kf2 Kxh7 32. Rh1+ 1-0

[Event "13. Festival Chambery 2007"]
[Site "Chambery FRA"]
[Date "2007.07.31"]
[Round "4.21"]
[White "Foulon, Greta"]
[Black "Peguret, Philippe"]
[Result "0-1"]
[WhiteElo "1943"]
[BlackElo "2002"]
[PlyCount "66"]
[EventDate "2007.07.28"]
[EventType "swiss"]
[EventRounds "9"]
[EventCountry "FRA"]
[Source "lmi"]
[SourceDate "2007.07.28"]

1. d4 Nf6 2. c4 c5 3. d5 b5 4. cxb5 a6 5. bxa6 g6 6. g3 Bxa6 7. Bg2 Bg7 8. Nc3
d6 9. Nf3 Nbd7 10. O-O Nb6 11. Re1 O-O 12. h3 Nfd7 13. Qc2 Nc4 14. b3 Qa5 15.
bxc4 Qxc3 16. Qxc3 Bxc3 17. Bh6 Rfb8 18. Nd2 Bxa1 19. Rxa1 Ne5 20. Rc1 f6 21.
Be4 g5 22. f4 Nf7 23. fxg5 fxg5 24. h4 Nxh6 25. hxg5 Ng4 26. Bf5 Ne5 27. Kg2
Bc8 28. Bb1 Rb2 29. Rd1 Bg4 30. Kf2 Ra4 31. Ke3 Nxc4+ 32. Nxc4 Rxc4 33. Bd3 Rc3
0-1

[Event "13. Festival Chambery 2007"]
[Site "Chambery FRA"]
[Date "2007.08.01"]
[Round "5.2"]
[White "Gladyszev, Oleg"]
[Black "Calzetta, Monica"]
[Result "1-0"]
[WhiteElo "2480"]
[BlackElo "2278"]
[PlyCount "109"]
[EventDate "2007.07.28"]
[EventType "swiss"]
[EventRounds "9"]
[EventCountry "FRA"]
[Source "lmi"]
[SourceDate "2007.07.28"]

1. d4 Nf6 2. c4 c5 3. d5 b5 4. cxb5 a6 5. bxa6 g6 6. Nc3 Bxa6 7. Nf3 d6 8. g3
Bg7 9. Bg2 Nbd7 10. Rb1 Nb6 11. b3 Ra7 12. O-O Qa8 13. Bb2 O-O 14. Nh4 Rb8 15.
Re1 Rc7 16. e4 Qa7 17. Nf3 Ng4 18. h3 Ne5 19. Nxe5 Bxe5 20. Qc2 Nd7 21. Bc1 Bd4
22. Ne2 Bg7 23. Be3 Qb7 24. Red1 Qb5 25. Bf1 Qa5 26. Bd2 Qb6 27. Bc3 Ne5 28.
Kg2 Qa7 29. Ng1 Bxf1+ 30. Kxf1 Qa6+ 31. Kg2 Ra7 32. a4 Rab7 33. Bxe5 Bxe5 34.
Nf3 Bf6 35. Nd2 Rb4 36. Nc4 Bd4 37. Na3 Bf6 38. Nc4 Bd4 39. h4 e6 40. dxe6 fxe6
41. Na3 Rf8 42. Rd2 Qb7 43. Nb5 Be5 44. Nxd6 Bxd6 45. Rxd6 Rxe4 46. Kg1 Rb4 47.
Rxe6 c4 48. Re4 Rc8 49. Rbe1 Rxb3 50. Rxc4 Rf8 51. Rc7 Qb6 52. Qc4+ Kh8 53. Qf4
Kg8 54. Re8 Rxg3+ 55. Kh2 1-0

[Event "13. Festival Chambery 2007"]
[Site "Chambery FRA"]
[Date "2007.08.01"]
[Round "5.5"]
[White "Safranska, Anda"]
[Black "Brunner, Nicolas"]
[Result "0-1"]
[WhiteElo "2301"]
[BlackElo "2435"]
[PlyCount "126"]
[EventDate "2007.07.28"]
[EventType "swiss"]
[EventRounds "9"]
[EventCountry "FRA"]
[Source "lmi"]
[SourceDate "2007.07.28"]

1. e4 c5 2. d3 Nc6 3. g3 g6 4. Bg2 Bg7 5. f4 d6 6. Nf3 e6 7. O-O Nge7 8. c3 O-O
9. Be3 b6 10. Bf2 Bb7 11. d4 cxd4 12. cxd4 d5 13. e5 Qd7 14. Re1 Ba6 15. a3 Na5
16. g4 Rac8 17. b4 Nc4 18. Ra2 Rc7 19. Bg3 Rfc8 20. Qb3 Bb7 21. a4 Nc6 22. b5
N6a5 23. Qd3 a6 24. f5 axb5 25. axb5 Qxb5 26. Nbd2 Ba6 27. fxe6 fxe6 28. Ng5
Qe8 29. Ndf3 Ra7 30. Qb1 Bf8 31. Rf2 Rd8 32. Bf1 Rb7 33. Ra2 Ra8 34. Bg2 Na3
35. Qb2 N5c4 36. Qb3 b5 37. Rf2 Bh6 38. Bf4 Bg7 39. h4 b4 40. Bc1 Nb5 41. Nh3
Nc3 42. Nf4 Rb6 43. Ng5 Bc8 44. h5 Qa4 45. Qxa4 Rxa4 46. hxg6 hxg6 47. Nxg6 Ra7
48. Nf4 b3 49. Nd3 Ra2 50. Rf7 Ne2+ 51. Rxe2 Rxe2 52. Rc7 Ba6 53. Nxe6 Rxg2+
54. Kxg2 Rxe6 55. Nc5 Rb6 56. e6 Bxd4 57. Nxa6 Rxe6 58. Nc5 Bxc5 59. Rxc5 Re1
60. Rb5 Rxc1 61. Rxb3 Kf7 62. Kf2 Ke6 63. Ke2 Rg1 0-1

[Event "13. Festival Chambery 2007"]
[Site "Chambery FRA"]
[Date "2007.08.01"]
[Round "5.6"]
[White "Stets, Dmitry"]
[Black "Claverie, Christophe"]
[Result "1-0"]
[WhiteElo "2390"]
[BlackElo "2344"]
[PlyCount "43"]
[EventDate "2007.07.28"]
[EventType "swiss"]
[EventRounds "9"]
[EventCountry "FRA"]
[Source "lmi"]
[SourceDate "2007.07.28"]

1. e4 c5 2. Nf3 d6 3. d4 cxd4 4. Nxd4 Nf6 5. Nc3 Nc6 6. Bg5 Bd7 7. Qd2 Rc8 8.
f4 Nxd4 9. Qxd4 Qa5 10. e5 dxe5 11. fxe5 e6 12. O-O-O Bc6 13. Nb5 Bxb5 14. exf6
Bc6 15. h4 g6 16. Bc4 Qc5 17. Qd3 b5 18. Bb3 a5 19. Rhf1 Bd5 20. Bxd5 exd5 21.
Rfe1+ Kd7 22. Re5 1-0

[Event "13. Festival Chambery 2007"]
[Site "Chambery FRA"]
[Date "2007.08.01"]
[Round "5.7"]
[White "Estremera Panos, Sergio"]
[Black "Wuerdinger, Alexander"]
[Result "1-0"]
[WhiteElo "2375"]
[BlackElo "2151"]
[PlyCount "95"]
[EventDate "2007.07.28"]
[EventType "swiss"]
[EventRounds "9"]
[EventCountry "FRA"]
[Source "lmi"]
[SourceDate "2007.07.28"]

1. d4 Nf6 2. c4 g6 3. Nc3 Bg7 4. e4 O-O 5. Bg5 c5 6. d5 Qa5 7. Bd2 d6 8. Nf3 a6
9. Bd3 Qc7 10. O-O e5 11. a3 Nh5 12. g3 Bh3 13. Re1 h6 14. Nh4 Qe7 15. Ng2 Nd7
16. b4 Bxg2 17. Kxg2 b6 18. Rb1 Rfb8 19. Bc2 cxb4 20. axb4 Qd8 21. Ba4 a5 22.
Bc6 axb4 23. Rxb4 Ra6 24. Na4 Nc5 25. Nxc5 bxc5 26. Rb5 Qc8 27. Qb3 Rxb5 28.
cxb5 Rb6 29. Ba5 Rb8 30. b6 Qa6 31. Qb5 Qxb5 32. Bxb5 Bf6 33. Bc6 Bd8 34. Rb1
Kf8 35. Rb5 Ke7 36. b7 Nf6 37. f3 Bxa5 38. Rxa5 Kd8 39. Ra8 Kc7 40. Kf2 Nh7 41.
f4 f6 42. h4 g5 43. f5 Nf8 44. Ke3 Nh7 45. Kd3 Nf8 46. Kc4 Nd7 47. Bxd7 Rxb7
48. Bb5 1-0

[Event "13. Festival Chambery 2007"]
[Site "Chambery FRA"]
[Date "2007.08.01"]
[Round "5.8"]
[White "Bojkov, Dejan"]
[Black "Knors, Rudy"]
[Result "1-0"]
[WhiteElo "2520"]
[BlackElo "2095"]
[PlyCount "49"]
[EventDate "2007.07.28"]
[EventType "swiss"]
[EventRounds "9"]
[EventCountry "FRA"]
[Source "lmi"]
[SourceDate "2007.07.28"]

1. e4 c6 2. c4 d5 3. cxd5 cxd5 4. exd5 Qxd5 5. Nc3 Qd6 6. d4 Nf6 7. Nf3 e6 8.
Bd3 Be7 9. O-O O-O 10. Be3 Nc6 11. a3 b6 12. Qe2 Bb7 13. Rad1 h6 14. Rfe1 Rad8
15. Bb1 Rfe8 16. Qc2 Bf8 17. d5 Ne7 18. dxe6 Qxe6 19. Bd4 Qg4 20. Bxf6 Ng6 21.
h3 Rxd1 22. Qxd1 Rxe1+ 23. Qxe1 Qf4 24. Bxg6 Bxf3 25. Be5 1-0

[Event "13. Festival Chambery 2007"]
[Site "Chambery FRA"]
[Date "2007.08.01"]
[Round "5.10"]
[White "Gouillart, Sylvain"]
[Black "Vilar Lopez, Monica"]
[Result "0-1"]
[WhiteElo "1874"]
[BlackElo "2178"]
[PlyCount "62"]
[EventDate "2007.07.28"]
[EventType "swiss"]
[EventRounds "9"]
[EventCountry "FRA"]
[Source "lmi"]
[SourceDate "2007.07.28"]

1. c4 e6 2. Nc3 d5 3. cxd5 exd5 4. d4 c5 5. Nf3 Nc6 6. e3 Nf6 7. Be2 Be7 8. O-O
O-O 9. Ne5 cxd4 10. exd4 Qb6 11. Bf3 Be6 12. Be3 Rac8 13. Rc1 Bd6 14. b3 Qa5
15. Nxc6 Rxc6 16. Bd2 Bb4 17. Nb1 Rfc8 18. Bxb4 Qxb4 19. Rxc6 Rxc6 20. Qd2 Qxd2
21. Nxd2 Rc2 22. Nb1 Rxa2 23. Nc3 Rb2 24. Rc1 Kf8 25. Bd1 Ne4 26. f3 Nxc3 27.
Rxc3 Rd2 28. Bc2 Rxd4 29. Rc7 Rb4 30. h4 d4 31. h5 h6 0-1

[Event "13. Festival Chambery 2007"]
[Site "Chambery FRA"]
[Date "2007.08.01"]
[Round "5.11"]
[White "Gesing, Oliver"]
[Black "Peguret, Philippe"]
[Result "1-0"]
[WhiteElo "2178"]
[BlackElo "2002"]
[PlyCount "71"]
[EventDate "2007.07.28"]
[EventType "swiss"]
[EventRounds "9"]
[EventCountry "FRA"]
[Source "lmi"]
[SourceDate "2007.07.28"]

1. e4 c5 2. b3 Nc6 3. Bb2 e5 4. Nf3 d6 5. Bb5 Nge7 6. O-O g6 7. Nc3 Bg7 8. Nd5
O-O 9. Bxc6 bxc6 10. Ne3 f5 11. d3 f4 12. Nc4 h6 13. c3 g5 14. d4 g4 15. Ne1
Ba6 16. Qxg4 d5 17. exd5 cxd5 18. Qe6+ Kh8 19. Qxa6 dxc4 20. dxe5 Qd2 21. Rb1
f3 22. g3 cxb3 23. axb3 Qe2 24. Nd3 Qe4 25. Rfd1 Qg4 26. Ne1 Rf5 27. Qb7 Re8
28. Qd7 Qg6 29. c4 h5 30. Rd6 Qf7 31. Rbd1 h4 32. Qxe8+ Qxe8 33. Rd8 Qxd8 34.
Rxd8+ Kh7 35. Rd7 Ng6 36. e6 1-0

[Event "13. Festival Chambery 2007"]
[Site "Chambery FRA"]
[Date "2007.08.01"]
[Round "5.13"]
[White "Schuermans, Robert"]
[Black "Peyrin, Jean"]
[Result "1-0"]
[WhiteElo "2277"]
[BlackElo "2011"]
[PlyCount "57"]
[EventDate "2007.07.28"]
[EventType "swiss"]
[EventRounds "9"]
[EventCountry "FRA"]
[Source "lmi"]
[SourceDate "2007.07.28"]

1. e4 c5 2. Nf3 Nc6 3. d4 cxd4 4. Nxd4 Qb6 5. Nb5 a6 6. Be3 Qa5+ 7. N5c3 Nf6 8.
Nd2 b5 9. a4 b4 10. Nc4 Qc7 11. Nd5 Nxd5 12. exd5 Ne5 13. Bb6 Qb8 14. Qd4 Nxc4
15. Bxc4 h5 16. d6 e6 17. O-O-O Rh6 18. Rhe1 Bb7 19. f3 Bc6 20. a5 Qb7 21. Bb3
Rg6 22. Rd2 Rc8 23. Qxb4 Rg5 24. Qd4 Rb5 25. Qd3 g6 26. Bxe6 Rxb6 27. Bd5+ Kd8
28. Bxf7 Be4 29. axb6 1-0

[Event "13. Festival Chambery 2007"]
[Site "Chambery FRA"]
[Date "2007.08.01"]
[Round "5.14"]
[White "Champault, Pierre-Emmanuel"]
[Black "Budin, Florent"]
[Result "1/2-1/2"]
[WhiteElo "2184"]
[BlackElo "1999"]
[PlyCount "56"]
[EventDate "2007.07.28"]
[EventType "swiss"]
[EventRounds "9"]
[EventCountry "FRA"]
[Source "lmi"]
[SourceDate "2007.07.28"]

1. d4 Nf6 2. Nf3 g6 3. c4 Bg7 4. Nc3 d6 5. e4 O-O 6. Be2 Nbd7 7. Be3 e5 8. O-O
c6 9. Qc2 Qe7 10. d5 c5 11. Ne1 Ne8 12. Nd3 f5 13. b4 f4 14. Bd2 b6 15. bxc5
bxc5 16. Rab1 Nb6 17. Ne1 g5 18. a4 Qf7 19. a5 Nd7 20. Bg4 Ndf6 21. Bxc8 Rxc8
22. a6 Qh5 23. f3 g4 24. Qd1 Nc7 25. Nb5 Nxb5 26. Rxb5 gxf3 27. gxf3 Nxe4 28.
Qe2 Ng5 1/2-1/2

[Event "13. Festival Chambery 2007"]
[Site "Chambery FRA"]
[Date "2007.08.01"]
[Round "5.18"]
[White "Poesson, Thierry"]
[Black "Lavanchy, Marc Henri"]
[Result "1-0"]
[WhiteElo "2089"]
[BlackElo "1970"]
[PlyCount "37"]
[EventDate "2007.07.28"]
[EventType "swiss"]
[EventRounds "9"]
[EventCountry "FRA"]
[Source "lmi"]
[SourceDate "2007.07.28"]

1. d4 Nf6 2. Nf3 g6 3. Bf4 Bg7 4. e3 d5 5. h3 O-O 6. Be2 c5 7. c3 Bf5 8. Nbd2
Nbd7 9. g4 Be4 10. O-O Bxf3 11. Bxf3 cxd4 12. exd4 Nb6 13. Re1 e6 14. Qb3 Qd7
15. Kg2 Ne8 16. Qc2 Nd6 17. Nb3 Na4 18. Nc1 Rac8 19. Bxd6 1-0

[Event "13. Festival Chambery 2007"]
[Site "Chambery FRA"]
[Date "2007.08.01"]
[Round "5.25"]
[White "Dugailliez, Guy"]
[Black "Collin, Jean"]
[Result "1-0"]
[WhiteElo "2020"]
[BlackElo "1879"]
[PlyCount "29"]
[EventDate "2007.07.28"]
[EventType "swiss"]
[EventRounds "9"]
[EventCountry "FRA"]
[Source "lmi"]
[SourceDate "2007.07.28"]

1. e4 g6 2. d4 d6 3. Bc4 Bg7 4. Nc3 e6 5. Be3 Ne7 6. f3 d5 7. Bb3 c6 8. Qd2 Nd7
9. Bh6 Bxh6 10. Qxh6 Nf8 11. Nge2 Ng8 12. Qe3 a6 13. exd5 cxd5 14. Nxd5 Ne7 15.
Nf6# 1-0

[Event "13. Festival Chambery 2007"]
[Site "Chambery FRA"]
[Date "2007.08.01"]
[Round "5.31"]
[White "Miras, Christophe"]
[Black "Trzemielewski, Frank"]
[Result "0-1"]
[WhiteElo "1871"]
[BlackElo "1710"]
[PlyCount "100"]
[EventDate "2007.07.28"]
[EventType "swiss"]
[EventRounds "9"]
[EventCountry "FRA"]
[Source "lmi"]
[SourceDate "2007.07.28"]

1. d4 d5 2. Nf3 Nf6 3. e3 c5 4. dxc5 Qa5+ 5. Nbd2 Qxc5 6. c4 e6 7. cxd5 Nxd5 8.
Nb3 Qc7 9. Bd3 Bb4+ 10. Bd2 Bxd2+ 11. Nbxd2 Nc6 12. Rc1 h6 13. Bb5 O-O 14. Qa4
Nde7 15. Nd4 Bd7 16. Bxc6 Bxc6 17. Nxc6 Nxc6 18. O-O Rad8 19. Nf3 Qe7 20. Rfd1
Rxd1+ 21. Rxd1 Rd8 22. a3 Rd7 23. b4 b5 24. Qc2 Rxd1+ 25. Qxd1 a6 26. Qc2 Qd7
27. Kf1 Qd5 28. Ke2 Kf8 29. Qc5+ Qxc5 30. bxc5 Ke7 31. Nd4 Nxd4+ 32. exd4 Kd7
33. Kd3 Kc6 34. Ke4 a5 35. f4 f6 36. g4 a4 37. Kd3 g5 38. fxg5 hxg5 39. Kc3 e5
40. dxe5 fxe5 41. h4 gxh4 42. g5 h3 43. g6 h2 44. g7 h1=Q 45. g8=Q Qc1+ 46. Kd3
Qxa3+ 47. Ke4 Qb4+ 48. Kxe5 Qxc5+ 49. Kf6 Qd6+ 50. Kf5 Qd5+ 0-1